The use of force : military power and international politics /

Compendio de artículos en que se estudia la relación entre el avance tecnológico, la estrategia militar y la política internacional durante el siglo XX, a partir de cuatro temáticas: el rol que ha jugado el uso de la fuerza en las relaciones internacionales; los cambios que sufrió el poderío militar...

Fuld beskrivelse

Guardado en:
Bibliografiske detaljer
Hovedforfatter: Art, Robert J. (ed.)
Andre forfattere: Waltz, Kenneth N. (edición) (edición)
Format: Bog
Sprog:engelsk
Udgivet: Lanham, EUA : Rowman and Littlefield, 1999, c1999
Udgivelse:5a edición
Fag:
Tags: Tilføj Tag
Ingen Tags, Vær først til at tagge denne postø!

MARC

LEADER 00000nam^a2200000^a^4500
001 000105777
005 20250521000000.0
009 20260310093513.044
020 |a 0-8476-9554-9 
037 |a Acervo ITESO - Biblioteca 
041 |a ING 
082 |a 327. 117  |b ART 
100 |a Art, Robert J.  |e (ed.) 
245 1 4 |a The use of force :  |b military power and international politics /  |c Ed. de R.J. Art, K.N. Waltz. 
250 |a 5a edición 
264 4 |a Lanham, EUA :  |b Rowman and Littlefield,  |c 1999, c1999 
300 |a 478 p. 
336 |a texto  |b txt  |2 rdacontenido 
337 |a sin mediación  |b n  |2 rdamedio 
338 |a volumen  |b nc  |2 rdasoporte 
520 |a Compendio de artículos en que se estudia la relación entre el avance tecnológico, la estrategia militar y la política internacional durante el siglo XX, a partir de cuatro temáticas: el rol que ha jugado el uso de la fuerza en las relaciones internacionales; los cambios que sufrió el poderío militar durante el siglo XX; de qué manera han afectado los cambios tecnológicos el uso de la fuerza; consecuencias de los cambios recientes en las relaciones internacionales. 
649 |a XX 
650 |a Armamentismo 
650 |a Armas Nucleares 
650 |a Terrorismo 
650 |a Guerra Nuclear 
650 |a Militarismo 
650 |a Seguridad Internacional 
650 |a Guerra y Paz 
650 |a Seguridad Internacional 
700 |a Waltz, Kenneth N.  |e (edición) 
910 |a Fondo General 
920 |a Impresos - Libros 
930 |a Colección General 
905 |a 101 
901 |a 0500041770  |b IT1  |c ACC  |u 20250521 
902 |a https://opac.biblio.iteso.mx/vufind/Record/000105777